[Event "World Chess Olympiad 2018"]
[Site "Batumi"]
[Date "2018.09.30"]
[Round "6"]
[Board "2"]
[WhiteFideId "7601948"]
[White "Chekh Adm Khedr Aram"]
[BlackFideId "8100144"]
[Black "Mansour Sameer"]
[Result "1-0"]
[LiveChessVersion "1.4.8"]
[BlackElo "2232"]
[WhiteElo "2171"]

1. e4 {[%clk 1:30:57]} c5 {[%clk 1:30:01]} 2. Nf3 {[%clk 1:31:24]} Nc6
{[%clk 1:30:17]} 3. d4 {[%clk 1:31:50]} cxd4 {[%clk 1:30:32]} 4. Nxd4
{[%clk 1:32:19]} g6 {[%clk 1:30:45]} 5. c4 {[%clk 1:31:41]} Nf6 {[%clk 1:29:50]}
6. Nc3 {[%clk 1:32:06]} Nxd4 {[%clk 1:30:08]} 7. Qxd4 {[%clk 1:32:29]} d6
{[%clk 1:30:28]} 8. f3 {[%clk 1:31:39]} Bg7 {[%clk 1:30:50]} 9. Be3
{[%clk 1:32:00]} O-O {[%clk 1:30:37]} 10. Qd2 {[%clk 1:32:29]} a5
{[%clk 1:26:52]} 11. Na4 {[%clk 1:32:40]} Nd7 {[%clk 1:26:14]} 12. O-O-O
{[%clk 1:33:02]} Qc7 {[%clk 1:26:19]} 13. Nc3 {[%clk 1:29:47]} Nf6
{[%clk 1:25:16]} 14. Kb1 {[%clk 1:28:02]} a4 {[%clk 1:24:27]} 15. g4
{[%clk 1:24:16]} Be6 {[%clk 1:24:36]} 16. Rc1 {[%clk 1:22:35]} Rfc8
{[%clk 1:14:30]} 17. Be2 {[%clk 1:19:40]} Qd8 {[%clk 1:07:50]} 18. Nb5
{[%clk 1:10:17]} Qa5 {[%clk 0:57:44]} 19. Qxa5 {[%clk 1:06:46]} Rxa5
{[%clk 0:58:10]} 20. Bb6 {[%clk 1:06:57]} Ra6 {[%clk 0:55:08]} 21. c5
{[%clk 1:07:06]} Bh6 {[%clk 0:50:34]} 22. Rcd1 {[%clk 0:55:58]} dxc5
{[%clk 0:48:23]} 23. Na7 {[%clk 0:56:24]} Rxb6 {[%clk 0:37:12]} 24. Nxc8
{[%clk 0:56:49]} Bxc8 {[%clk 0:37:33]} 25. Rd8+ {[%clk 0:57:15]} Kg7
{[%clk 0:37:52]} 26. Rxc8 {[%clk 0:57:40]} Be3 {[%clk 0:38:18]} 27. Kc2
{[%clk 0:55:56]} h5 {[%clk 0:37:07]} 28. h3 {[%clk 0:55:47]} Bd4 {[%clk 0:33:15]}
29. Rb1 {[%clk 0:56:03]} Rb4 {[%clk 0:31:09]} 30. b3 {[%clk 0:49:42]} axb3+
{[%clk 0:25:54]} 31. Rxb3 {[%clk 0:50:03]} Ra4 {[%clk 0:25:48]} 32. Kb1
{[%clk 0:50:28]} hxg4 {[%clk 0:26:01]} 33. hxg4 {[%clk 0:50:57]} e5
{[%clk 0:21:51]} 34. Rxb7 {[%clk 0:50:06]} Nh7 {[%clk 0:22:15]} 35. Rc6
{[%clk 0:49:11]} Ra3 {[%clk 0:21:10]} 36. Rb3 {[%clk 0:49:40]} Ra8
{[%clk 0:21:15]} 37. Rc7 {[%clk 0:25:57]} Ng5 {[%clk 0:21:35]} 38. Bc4
{[%clk 0:25:42]} Rh8 {[%clk 0:21:18]} 39. Rbb7 {[%clk 0:23:24]} Rh3
{[%clk 0:08:57]} 40. Bxf7 {[%clk 0:52:33]} Rxf3 {[%clk 0:37:10]} 41. Be8+
{[%clk 0:52:59]} Kh6 {[%clk 0:28:29]} 42. Rc6 {[%clk 0:53:12]} Rf1+
{[%clk 0:28:40]} 43. Kc2 {[%clk 0:53:37]} Rf2+ {[%clk 0:28:38]} 44. Kd3
{[%clk 0:54:06]} c4+ {[%clk 0:28:42]} 45. Kxc4 {[%clk 0:54:35]} Rc2+
{[%clk 0:29:01]} 46. Kd5 {[%clk 0:55:05]} Rxc6 {[%clk 0:28:58]} 47. Bxc6
{[%clk 0:55:33]} Nh3 {[%clk 0:27:04]} 48. a4 {[%clk 0:55:53]} Nf4+
{[%clk 0:27:23]} 49. Kd6 {[%clk 0:55:03]} Kg5 {[%clk 0:27:31]} 50. a5
{[%clk 0:54:55]} 1-0

[Event "World Chess Olympiad 2018"]
[Site "Batumi"]
[Date "2018.09.30"]
[Round "6"]
[Board "3"]
[WhiteFideId "8103178"]
[White "Ahmad Al Khatib"]
[BlackFideId "7603495"]
[Black "Koniahli Malek."]
[Result "0-1"]
[LiveChessVersion "1.4.8"]
[BlackElo "2328"]
[WhiteElo "2355"]

1. d4 {[%clk 1:29:20]} Nf6 {[%clk 1:30:53]} 2. Bg5 {[%clk 1:29:28]} c5
{[%clk 1:30:07]} 3. d5 {[%clk 1:29:43]} d6 {[%clk 1:30:23]} 4. Nc3
{[%clk 1:28:37]} h6 {[%clk 1:29:57]} 5. Bh4 {[%clk 1:26:14]} g5 {[%clk 1:24:28]}
6. Bg3 {[%clk 1:19:37]} Nh5 {[%clk 1:24:52]} 7. e4 {[%clk 1:14:01]} Nxg3
{[%clk 1:25:15]} 8. hxg3 {[%clk 1:14:28]} Bg7 {[%clk 1:24:30]} 9. Nf3
{[%clk 1:10:49]} a6 {[%clk 1:22:14]} 10. a4 {[%clk 1:08:58]} Nd7 {[%clk 1:18:34]}
11. Nd2 {[%clk 1:04:30]} Ne5 {[%clk 1:07:24]} 12. Be2 {[%clk 0:59:56]} Rb8
{[%clk 1:02:40]} 13. f4 {[%clk 0:50:42]} Ng6 {[%clk 1:02:29]} 14. e5
{[%clk 0:29:56]} dxe5 {[%clk 0:44:47]} 15. f5 {[%clk 0:29:42]} Bxf5
{[%clk 0:42:10]} 16. O-O {[%clk 0:28:53]} Bd7 {[%clk 0:41:03]} 17. Bh5
{[%clk 0:21:21]} O-O {[%clk 0:37:56]} 18. Nde4 {[%clk 0:21:08]} c4
{[%clk 0:29:39]} 19. Kh1 {[%clk 0:17:41]} b5 {[%clk 0:28:20]} 20. axb5
{[%clk 0:16:40]} axb5 {[%clk 0:28:33]} 21. Nc5 {[%clk 0:12:49]} Bc8
{[%clk 0:25:56]} 22. N3e4 {[%clk 0:09:50]} Qb6 {[%clk 0:25:05]} 23. d6
{[%clk 0:06:00]} exd6 {[%clk 0:23:17]} 24. Qxd6 {[%clk 0:06:03]} Qxd6
{[%clk 0:22:51]} 25. Nxd6 {[%clk 0:06:32]} Rb6 {[%clk 0:22:42]} 26. Rad1
{[%clk 0:04:16]} Rc6 {[%clk 0:10:59]} 27. Bxg6 {[%clk 0:01:24]} fxg6
{[%clk 0:10:23]} 28. Nce4 {[%clk 0:01:18]} Rxf1+ {[%clk 0:06:49]} 29. Rxf1
{[%clk 0:01:47]} Be6 {[%clk 0:05:18]} 30. Ra1 {[%clk 0:01:01]} Bf8
{[%clk 0:03:00]} 31. Ra8 {[%clk 0:01:00]} Bf5 {[%clk 0:01:06]} 32. Nf6+
{[%clk 0:00:35]} Kg7 {[%clk 0:01:28]} 33. Nfe8+ {[%clk 0:00:41]} Kg8
{[%clk 0:01:01]} 34. Nf6+ {[%clk 0:00:45]} Kg7 {[%clk 0:01:27]} 35. Nfe8+
{[%clk 0:01:04]} Kg8 {[%clk 0:01:32]} 36. Nxb5 {[%clk 0:00:34]} Rc8
{[%clk 0:00:32]} 37. Rxc8 {[%clk 0:00:40]} Bxc8 {[%clk 0:01:01]} 38. Kg1 Bc5+
{[%clk 0:01:04]} 39. Kf1 {[%clk 0:00:54]} Kf8 {[%clk 0:00:44]} 40. Nf6
{[%clk 0:30:39]} Bf5 {[%clk 0:30:39]} 41. g4 {[%clk 0:15:25]} Bc8
{[%clk 0:28:37]} 42. Ne4 {[%clk 0:14:52]} Be3 {[%clk 0:25:08]} 43. Ned6
{[%clk 0:05:57]} Be6 {[%clk 0:17:58]} 44. Na3 {[%clk 0:03:56]} c3
{[%clk 0:17:58]} 45. b4 {[%clk 0:01:53]} Bxg4 {[%clk 0:13:01]} 46. Ndc4
{[%clk 0:02:09]} Bd4 {[%clk 0:11:52]} 47. b5 {[%clk 0:02:02]} Ke7
{[%clk 0:11:37]} 48. b6 {[%clk 0:00:48]} Kd8 {[%clk 0:08:27]} 49. Nb5
{[%clk 0:00:45]} Kc8 {[%clk 0:07:18]} 50. Nbd6+ Kb8 {[%clk 0:07:31]} 51. b7
{[%clk 0:00:33]} Be6 {[%clk 0:07:02]} 52. Na5 {[%clk 0:00:32]} Bd5
{[%clk 0:07:25]} 53. g4 {[%clk 0:00:32]} h5 {[%clk 0:07:28]} 0-1

[Event "World Chess Olympiad 2018"]
[Site "Batumi"]
[Date "2018.09.30"]
[Round "6"]
[Board "4"]
[WhiteFideId "7601875"]
[White "Eiti Bashir"]
[BlackFideId "8100500"]
[Black "Khader Sami"]
[Result "1-0"]
[LiveChessVersion "1.4.8"]
[BlackElo "2405"]
[WhiteElo "2259"]

1. Nf3 {[%clk 1:30:42]} d5 {[%clk 1:29:45]} 2. b4 {[%clk 1:29:53]} e5
{[%clk 1:27:35]} 3. Nxe5 {[%clk 1:28:36]} Bxb4 {[%clk 1:27:13]} 4. Bb2
{[%clk 1:27:32]} Nf6 {[%clk 1:26:57]} 5. e3 {[%clk 1:25:42]} O-O {[%clk 1:26:20]}
6. Be2 {[%clk 1:23:59]} Re8 {[%clk 1:21:08]} 7. O-O {[%clk 1:21:26]} Nc6
{[%clk 1:18:13]} 8. Nxc6 {[%clk 1:15:41]} bxc6 {[%clk 1:18:37]} 9. c4
{[%clk 1:10:43]} Rb8 {[%clk 1:17:12]} 10. Qc2 {[%clk 1:02:56]} Bd6
{[%clk 1:14:52]} 11. c5 {[%clk 0:48:23]} Bxc5 {[%clk 0:58:57]} 12. Qxc5
{[%clk 0:48:45]} Rxb2 {[%clk 0:59:17]} 13. Qxa7 {[%clk 0:39:30]} Ne4
{[%clk 0:58:27]} 14. Qd4 {[%clk 0:28:16]} Rb6 {[%clk 0:58:33]} 15. d3
{[%clk 0:22:09]} c5 {[%clk 0:52:35]} 16. Qa4 {[%clk 0:22:34]} Bd7
{[%clk 0:42:34]} 17. Qa7 {[%clk 0:18:30]} Bb5 {[%clk 0:21:11]} 18. a4
{[%clk 0:14:39]} Ba6 {[%clk 0:19:27]} 19. Ra2 {[%clk 0:10:48]} Nd6
{[%clk 0:16:45]} 20. Nc3 {[%clk 0:08:23]} d4 {[%clk 0:16:41]} 21. a5
{[%clk 0:04:31]} Rc6 {[%clk 0:08:00]} 22. exd4 {[%clk 0:04:40]} Nc8
{[%clk 0:03:12]} 23. Qa8 {[%clk 0:05:07]} Rh6 {[%clk 0:02:11]} 24. dxc5
{[%clk 0:04:46]} Qd4 {[%clk 0:01:52]} 25. Ne4 {[%clk 0:04:23]} f5
{[%clk 0:01:03]} 26. Ng3 {[%clk 0:03:54]} Qxc5 {[%clk 0:01:21]} 27. d4
{[%clk 0:03:36]} Qd6 {[%clk 0:01:00]} 28. Qxa6 {[%clk 0:03:28]} Qxa6
{[%clk 0:01:23]} 29. Bxa6 {[%clk 0:03:53]} Rxa6 {[%clk 0:01:46]} 30. Nxf5
{[%clk 0:04:16]} g6 {[%clk 0:01:46]} 31. Ne3 {[%clk 0:04:42]} Rd8
{[%clk 0:01:45]} 32. d5 {[%clk 0:04:45]} Ne7 {[%clk 0:01:51]} 33. Rd1
{[%clk 0:04:21]} c6 {[%clk 0:01:06]} 34. d6 {[%clk 0:04:10]} Nc8 {[%clk 0:01:00]}
35. Nc4 {[%clk 0:04:19]} c5 {[%clk 0:01:00]} 36. Rad2 {[%clk 0:04:14]} Na7
{[%clk 0:01:15]} 37. Rd5 {[%clk 0:04:19]} Rc6 {[%clk 0:00:52]} 38. Rb1
{[%clk 0:04:28]} Kf8 {[%clk 0:00:49]} 39. Rb7 {[%clk 0:04:36]} Nc8
{[%clk 0:00:50]} 40. Rxh7 {[%clk 0:34:50]} Kg8 {[%clk 0:31:19]} 41. Rb7
{[%clk 0:33:56]} Nxd6 {[%clk 0:31:00]} 42. Rb1 {[%clk 0:31:52]} Kg7
{[%clk 0:27:46]} 43. Rbd1 {[%clk 0:31:13]} Nxc4 {[%clk 0:27:43]} 44. Rxd8
{[%clk 0:31:38]} Ra6 {[%clk 0:27:14]} 45. Ra1 {[%clk 0:30:27]} Nxa5
{[%clk 0:26:54]} 46. Kf1 {[%clk 0:28:06]} Kf6 {[%clk 0:23:38]} 47. Rd5
{[%clk 0:28:15]} 1-0

[Event "World Chess Olympiad 2018"]
[Site "Batumi"]
[Date "2018.09.30"]
[Round "6"]
[Board "1"]
[WhiteFideId "6100031"]
[White "Lacayo Rene"]
[BlackFideId "6900224"]
[Black "De La Riva Aguado Oscar"]
[Result "1/2-1/2"]
[LiveChessVersion "1.4.8"]
[BlackElo "2475"]
[WhiteElo "2228"]

1. d4 {[%clk 1:30:56]} f5 {[%clk 1:30:37]} 2. Nc3 {[%clk 1:29:39]} Nf6
{[%clk 1:30:28]} 3. Bg5 {[%clk 1:29:22]} d5 {[%clk 1:30:18]} 4. e3
{[%clk 1:28:15]} Be6 {[%clk 1:27:41]} 5. Nf3 {[%clk 1:27:12]} Nbd7
{[%clk 1:26:00]} 6. Bd3 {[%clk 1:24:31]} g6 {[%clk 1:24:54]} 7. O-O
{[%clk 1:24:42]} Bg7 {[%clk 1:24:49]} 8. Ne2 {[%clk 1:22:47]} Bf7
{[%clk 1:23:53]} 9. Rc1 {[%clk 1:22:44]} h6 {[%clk 1:15:23]} 10. Bf4
{[%clk 1:15:07]} O-O {[%clk 0:53:07]} 11. c4 {[%clk 1:14:21]} c6 {[%clk 0:53:31]}
12. Ne5 {[%clk 1:02:45]} e6 {[%clk 0:47:58]} 13. Qb3 {[%clk 0:56:14]} Qb6
{[%clk 0:43:56]} 14. Rc3 {[%clk 0:42:17]} g5 {[%clk 0:24:56]} 15. Bg3
{[%clk 0:34:09]} Nxe5 {[%clk 0:24:27]} 16. Bxe5 {[%clk 0:34:27]} Ne4
{[%clk 0:24:52]} 17. Bxe4 {[%clk 0:34:03]} fxe4 {[%clk 0:25:08]} 18. c5
{[%clk 0:20:55]} Qa6 {[%clk 0:25:15]} 19. Bxg7 {[%clk 0:12:00]} Kxg7
{[%clk 0:25:36]} 20. Ng3 {[%clk 0:11:51]} h5 {[%clk 0:19:12]} 21. Qa3
{[%clk 0:06:38]} Qxa3 {[%clk 0:14:55]} 22. Rxa3 {[%clk 0:06:43]} h4
{[%clk 0:15:11]} 23. Ne2 {[%clk 0:06:32]} Bh5 {[%clk 0:14:37]} 24. Nc1
{[%clk 0:05:31]} Rf7 {[%clk 0:14:45]} 25. Rc3 {[%clk 0:04:53]} Rd8
{[%clk 0:10:16]} 26. Rc2 {[%clk 0:04:43]} h3 {[%clk 0:04:39]} 27. g3
{[%clk 0:04:07]} Kf8 {[%clk 0:04:09]} 28. b4 {[%clk 0:02:21]} Ke8
{[%clk 0:04:21]} 29. Nb3 {[%clk 0:02:35]} Kd7 {[%clk 0:04:46]} 30. Rfc1
{[%clk 0:02:37]} Kc7 {[%clk 0:04:52]} 31. Kf1 {[%clk 0:02:28]} Rdf8
{[%clk 0:05:03]} 32. Ke1 {[%clk 0:02:41]} Rf3 {[%clk 0:05:17]} 33. Na5
{[%clk 0:01:56]} a6 {[%clk 0:05:29]} 34. Nb3 {[%clk 0:02:20]} Be8
{[%clk 0:05:39]} 35. a4 {[%clk 0:02:00]} R3f6 {[%clk 0:04:51]} 36. a5
{[%clk 0:02:00]} 1/2-1/2

[Event "World Chess Olympiad 2018"]
[Site "Batumi"]
[Date "2018.09.30"]
[Round "6"]
[Board "2"]
[WhiteFideId "2260409"]
[White "Aloma Vidal Robert"]
[BlackFideId "6100775"]
[Black "Rocha Maximiliano"]
[Result "1-0"]
[LiveChessVersion "1.4.8"]
[BlackElo "2185"]
[WhiteElo "2428"]

1. e4 {[%clk 1:30:56]} c5 {[%clk 1:30:26]} 2. Nf3 {[%clk 1:31:16]} a6
{[%clk 1:30:47]} 3. Nc3 {[%clk 1:30:05]} e6 {[%clk 1:31:01]} 4. d4
{[%clk 1:30:27]} cxd4 {[%clk 1:31:19]} 5. Nxd4 {[%clk 1:30:48]} Qc7
{[%clk 1:31:25]} 6. Be2 {[%clk 1:28:08]} Nc6 {[%clk 1:31:18]} 7. O-O
{[%clk 1:28:14]} b5 {[%clk 1:31:27]} 8. Nxc6 {[%clk 1:24:29]} dxc6
{[%clk 1:28:09]} 9. e5 {[%clk 1:15:43]} Qxe5 {[%clk 1:18:57]} 10. Bf3
{[%clk 1:15:47]} Bb7 {[%clk 1:17:36]} 11. Re1 {[%clk 1:15:20]} Qc7
{[%clk 1:17:11]} 12. a4 {[%clk 1:06:25]} Nf6 {[%clk 1:15:01]} 13. axb5
{[%clk 1:06:38]} Rd8 {[%clk 1:15:30]} 14. Qe2 {[%clk 1:05:57]} cxb5
{[%clk 0:59:43]} 15. Nxb5 {[%clk 1:02:45]} axb5 {[%clk 1:00:11]} 16. Qxb5+
{[%clk 1:02:53]} Rd7 {[%clk 1:00:33]} 17. Ra7 {[%clk 0:56:00]} Bc6
{[%clk 0:55:35]} 18. Bxc6 {[%clk 0:49:17]} Qxa7 {[%clk 0:55:58]} 19. Be3
{[%clk 0:49:29]} Qc7 {[%clk 0:56:18]} 20. Ra1 {[%clk 0:32:29]} Be7
{[%clk 0:50:39]} 21. Ra8+ {[%clk 0:21:08]} Bd8 {[%clk 0:50:41]} 22. Bc5
{[%clk 0:20:04]} Ng4 {[%clk 0:35:37]} 23. f4 {[%clk 0:17:33]} f5 {[%clk 0:32:53]}
24. Ra7 {[%clk 0:13:25]} Qxf4 {[%clk 0:32:39]} 25. Rxd7 {[%clk 0:08:37]} Qxh2+
{[%clk 0:32:43]} 26. Kf1 {[%clk 0:09:06]} Qf4+ {[%clk 0:32:27]} 27. Ke2
{[%clk 0:08:12]} Qe5+ {[%clk 0:32:00]} 28. Kd1 {[%clk 0:07:34]} 1-0

[Event "World Chess Olympiad 2018"]
[Site "Batumi"]
[Date "2018.09.30"]
[Round "6"]
[Board "3"]
[WhiteFideId "6100376"]
[White "Picado Jorge"]
[BlackFideId "6900020"]
[Black "Garcia Paolicchi Raul"]
[Result "0-1"]
[LiveChessVersion "1.4.8"]
[BlackElo "2176"]
[WhiteElo "2143"]

1. c4 {[%clk 1:30:51]} c6 {[%clk 1:30:42]} 2. e4 {[%clk 1:31:00]} d5
{[%clk 1:30:56]} 3. exd5 {[%clk 1:31:21]} cxd5 {[%clk 1:31:19]} 4. cxd5
{[%clk 1:31:46]} Nf6 {[%clk 1:31:40]} 5. Bb5+ {[%clk 1:32:11]} Nbd7
{[%clk 1:31:47]} 6. Nc3 {[%clk 1:29:20]} a6 {[%clk 1:31:32]} 7. Qa4
{[%clk 1:26:12]} Rb8 {[%clk 1:28:37]} 8. Be2 {[%clk 1:25:24]} b5 {[%clk 1:21:39]}
9. Qd4 {[%clk 1:21:06]} Qb6 {[%clk 1:16:30]} 10. Nf3 {[%clk 1:17:28]} Bb7
{[%clk 1:14:21]} 11. a3 {[%clk 1:07:36]} Qxd4 {[%clk 1:11:19]} 12. Nxd4
{[%clk 1:07:50]} Nxd5 {[%clk 1:11:13]} 13. Bf3 {[%clk 1:04:40]} N7f6
{[%clk 1:09:45]} 14. O-O {[%clk 1:03:55]} e6 {[%clk 1:07:39]} 15. Re1
{[%clk 1:03:02]} Be7 {[%clk 1:05:39]} 16. g3 {[%clk 0:55:58]} O-O
{[%clk 1:02:13]} 17. Kg2 {[%clk 0:49:47]} Rfc8 {[%clk 0:58:42]} 18. Nc2
{[%clk 0:43:35]} Nb6 {[%clk 0:44:37]} 19. Ne3 {[%clk 0:34:25]} Bxf3+
{[%clk 0:44:37]} 20. Kxf3 {[%clk 0:34:52]} Rd8 {[%clk 0:41:50]} 21. b3
{[%clk 0:25:02]} Rbc8 {[%clk 0:36:35]} 22. Rd1 {[%clk 0:21:23]} Nfd7
{[%clk 0:35:38]} 23. Bb2 {[%clk 0:12:45]} Nc5 {[%clk 0:34:52]} 24. b4
{[%clk 0:12:47]} Nb3 {[%clk 0:34:16]} 25. Ra2 {[%clk 0:08:40]} Nxd2+
{[%clk 0:33:54]} 26. Ke2 {[%clk 0:09:01]} Ndc4 {[%clk 0:32:59]} 27. Rxd8+
{[%clk 0:08:34]} Rxd8 {[%clk 0:33:09]} 28. Nxc4 {[%clk 0:07:49]} Nxc4
{[%clk 0:29:53]} 29. Bc1 {[%clk 0:08:01]} f5 {[%clk 0:28:10]} 30. Nd1
{[%clk 0:06:40]} Kf7 {[%clk 0:22:30]} 31. Ne3 {[%clk 0:06:31]} Rc8
{[%clk 0:17:23]} 32. Nxc4 {[%clk 0:06:02]} Rxc4 {[%clk 0:17:36]} 33. Be3
{[%clk 0:06:27]} e5 {[%clk 0:16:34]} 34. f3 {[%clk 0:04:38]} g5 {[%clk 0:15:17]}
35. Kd3 {[%clk 0:03:05]} Ke6 {[%clk 0:14:36]} 36. Rd2 {[%clk 0:01:58]} h5
{[%clk 0:13:53]} 37. h3 {[%clk 0:01:36]} Rc8 {[%clk 0:10:15]} 38. Re2
{[%clk 0:01:35]} Kd5 {[%clk 0:08:44]} 39. Rd2 {[%clk 0:01:01]} Rc1
{[%clk 0:07:57]} 40. Ke2+ {[%clk 0:30:56]} Ke6 {[%clk 0:38:17]} 41. Kf2
{[%clk 0:29:05]} Rc3 {[%clk 0:38:00]} 42. Ra2 {[%clk 0:29:25]} f4
{[%clk 0:37:21]} 43. gxf4 {[%clk 0:29:36]} gxf4 {[%clk 0:37:37]} 44. Bd2
{[%clk 0:29:36]} Rc4 {[%clk 0:32:13]} 45. Ke2 {[%clk 0:29:21]} Kf5
{[%clk 0:32:23]} 46. Ra1 {[%clk 0:26:06]} Bh4 {[%clk 0:29:58]} 47. Rb1
{[%clk 0:16:51]} e4 {[%clk 0:29:02]} 48. fxe4+ {[%clk 0:16:30]} Kxe4
{[%clk 0:29:13]} 49. Rb3 {[%clk 0:16:27]} Rd4 {[%clk 0:26:55]} 50. Bc1
{[%clk 0:16:20]} Rc4 {[%clk 0:26:31]} 51. Bd2 {[%clk 0:16:10]} Rc2
{[%clk 0:26:24]} 52. a4 {[%clk 0:16:07]} bxa4 {[%clk 0:22:38]} 53. Ra3
{[%clk 0:16:31]} Rb2 {[%clk 0:16:32]} 54. Rxa4 {[%clk 0:15:07]} f3+
{[%clk 0:16:47]} 55. Kd1 {[%clk 0:15:32]} Rb1+ {[%clk 0:13:24]} 56. Kc2
{[%clk 0:12:47]} f2 {[%clk 0:13:33]} 0-1

[Event "World Chess Olympiad 2018"]
[Site "Batumi"]
[Date "2018.09.30"]
[Round "6"]
[Board "4"]
[WhiteFideId "2274477"]
[White "Luke Brezmes Cristofer"]
[BlackFideId "6100511"]
[Black "Espinoza Jose"]
[Result "1-0"]
[LiveChessVersion "1.4.8"]
[BlackElo "2129"]
[WhiteElo "2124"]

1. e4 d6 2. d4 g6 3. Nc3 Bg7 4. Be3 c6 5. f4 Qb6 6. Qd2 Nf6 7. h3 Qxb2 8. Rb1 Qa3
9. Nf3 Nbd7 10. Bd3 Qa5 11. O-O e5 12. Nb5 Qxd2 13. Nxd6+ Kf8 14. Bxd2 exd4 15.
Ne5 Nb6 16. Bb4 Be6 17. Nf5+ Kg8 18. Ne7+ Kf8 19. N7xg6+ Ke8 20. Nxh8 Bxh8 21. f5
Bc8 22. Bd6 Bg7 23. g4 Bh6 24. h4 Be3+ 25. Kg2 Nbd7 26. g5 Nxe5 27. Bxe5 Ng4 28.
Bg7 b6 29. Be2 h5 30. Bxg4 hxg4 31. h5 f6 32. g6 1-0

[Event "World Chess Olympiad 2018"]
[Site "Batumi"]
[Date "2018.09.30"]
[Round "6"]
[Board "1"]
[WhiteFideId "3100197"]
[White "Almedina Ortiz Edgardo J."]
[BlackFideId "5500419"]
[Black "Amdouni Zoubaier"]
[Result "0-1"]
[LiveChessVersion "1.4.8"]
[BlackElo "2218"]
[WhiteElo "2216"]

1. d4 {[%clk 1:30:41]} d5 {[%clk 1:30:39]} 2. c4 {[%clk 1:30:58]} e6
{[%clk 1:31:02]} 3. Nf3 {[%clk 1:29:21]} Nf6 {[%clk 1:31:27]} 4. g3
{[%clk 1:29:35]} c6 {[%clk 1:31:54]} 5. Bg2 {[%clk 1:29:49]} Nbd7
{[%clk 1:31:01]} 6. O-O {[%clk 1:24:29]} dxc4 {[%clk 1:22:24]} 7. Qc2
{[%clk 1:23:08]} Bd6 {[%clk 1:20:29]} 8. e4 {[%clk 1:14:47]} e5 {[%clk 1:20:00]}
9. Rd1 {[%clk 1:12:20]} Qe7 {[%clk 1:20:13]} 10. Nbd2 {[%clk 1:03:29]} b5
{[%clk 1:13:35]} 11. b3 {[%clk 1:03:49]} O-O {[%clk 1:07:23]} 12. bxc4
{[%clk 1:00:21]} Bb7 {[%clk 0:59:10]} 13. a4 {[%clk 0:51:28]} b4 {[%clk 0:29:43]}
14. c5 {[%clk 0:45:24]} Bc7 {[%clk 0:28:08]} 15. Nb3 {[%clk 0:44:00]} exd4
{[%clk 0:13:34]} 16. Nfxd4 {[%clk 0:43:35]} g6 {[%clk 0:13:52]} 17. a5
{[%clk 0:39:09]} Nb8 {[%clk 0:06:04]} 18. Bg5 {[%clk 0:34:01]} Rd8
{[%clk 0:04:03]} 19. f4 {[%clk 0:33:30]} h6 {[%clk 0:03:05]} 20. Bxf6
{[%clk 0:28:26]} Qxf6 {[%clk 0:03:29]} 21. e5 {[%clk 0:28:47]} Qe7
{[%clk 0:02:41]} 22. Nb5 {[%clk 0:24:18]} Na6 {[%clk 0:01:31]} 23. Nd6
{[%clk 0:24:22]} Bxd6 {[%clk 0:00:33]} 24. cxd6 {[%clk 0:24:41]} Qe6
{[%clk 0:00:36]} 25. Nd4 {[%clk 0:22:31]} Qd7 {[%clk 0:00:35]} 26. e6
{[%clk 0:17:26]} Qxd6 {[%clk 0:00:35]} 27. exf7+ {[%clk 0:17:52]} Kxf7
{[%clk 0:00:50]} 28. Qc4+ {[%clk 0:18:11]} Kf6 {[%clk 0:01:11]} 29. Bf3
{[%clk 0:10:34]} Re8 {[%clk 0:00:47]} 30. Nxc6 {[%clk 0:08:26]} Qc5+
{[%clk 0:01:08]} 31. Qxc5 {[%clk 0:08:51]} Nxc5 {[%clk 0:01:37]} 32. Rd6+
{[%clk 0:08:35]} Re6 {[%clk 0:01:40]} 33. Rxe6+ {[%clk 0:08:27]} Nxe6
{[%clk 0:02:03]} 34. Kf2 {[%clk 0:07:46]} Bxc6 {[%clk 0:01:57]} 35. Bxc6
{[%clk 0:08:14]} Rc8 {[%clk 0:02:15]} 36. Be4 {[%clk 0:08:03]} Nc5
{[%clk 0:02:12]} 37. Bc2 {[%clk 0:05:10]} b3 {[%clk 0:02:25]} 38. Bb1
{[%clk 0:05:27]} Re8 {[%clk 0:00:35]} 39. Ra3 {[%clk 0:05:31]} a6
{[%clk 0:00:49]} 40. h4 {[%clk 0:34:37]} h5 {[%clk 0:31:11]} 41. Ra1
{[%clk 0:32:11]} Re6 {[%clk 0:21:05]} 42. Ra3 {[%clk 0:29:06]} Re8
{[%clk 0:19:23]} 43. Ra1 {[%clk 0:28:08]} Re7 {[%clk 0:19:52]} 44. Ra3
{[%clk 0:27:16]} Re6 {[%clk 0:20:18]} 45. Ra1 {[%clk 0:22:52]} Ke7
{[%clk 0:20:21]} 46. Ra3 {[%clk 0:23:20]} Kd6 {[%clk 0:20:27]} 47. f5
{[%clk 0:23:41]} gxf5 {[%clk 0:20:53]} 48. Kf3 {[%clk 0:24:04]} Re1
{[%clk 0:21:16]} 49. Bd3 {[%clk 0:22:01]} b2 {[%clk 0:20:01]} 0-1

[Event "World Chess Olympiad 2018"]
[Site "Batumi"]
[Date "2018.09.30"]
[Round "6"]
[Board "2"]
[WhiteFideId "5500796"]
[White "Zaibi Amir"]
[BlackFideId "3100022"]
[Black "Sosa Trani Luis A."]
[Result "1-0"]
[LiveChessVersion "1.4.8"]
[BlackElo "2054"]
[WhiteElo "2361"]

1. e4 e6 2. d4 d5 3. Nd2 Nf6 4. e5 {[%clk 1:31:56]} Nfd7 {[%clk 1:31:06]} 5. Bd3
{[%clk 1:32:15]} c5 {[%clk 1:31:28]} 6. c3 {[%clk 1:32:38]} Nc6 {[%clk 1:31:53]}
7. Ne2 {[%clk 1:32:26]} cxd4 {[%clk 1:31:59]} 8. cxd4 {[%clk 1:32:46]} f6
{[%clk 1:32:26]} 9. exf6 {[%clk 1:32:23]} Nxf6 {[%clk 1:32:53]} 10. O-O
{[%clk 1:29:01]} Bd6 {[%clk 1:21:48]} 11. f4 {[%clk 1:26:07]} O-O
{[%clk 1:18:33]} 12. Nf3 {[%clk 1:25:35]} Bd7 {[%clk 1:11:56]} 13. Bd2
{[%clk 1:21:47]} a6 {[%clk 0:55:24]} 14. Qe1 {[%clk 1:13:41]} Nh5
{[%clk 0:28:52]} 15. Ng5 {[%clk 0:57:20]} g6 {[%clk 0:20:13]} 16. Kh1
{[%clk 0:54:30]} Qe7 {[%clk 0:17:13]} 17. a3 {[%clk 0:51:45]} Qg7
{[%clk 0:12:59]} 18. Qh4 {[%clk 0:44:09]} Rae8 {[%clk 0:06:24]} 19. Nf3
{[%clk 0:34:56]} Qf6 {[%clk 0:02:09]} 20. Qxf6 {[%clk 0:33:16]} Rxf6
{[%clk 0:00:32]} 21. Ne5 {[%clk 0:24:26]} Bxe5 {[%clk 0:00:35]} 22. fxe5
{[%clk 0:24:23]} Rxf1+ {[%clk 0:00:46]} 23. Rxf1 {[%clk 0:24:47]} Rf8
{[%clk 0:00:50]} 24. Rc1 {[%clk 0:23:53]} Kg7 {[%clk 0:00:31]} 25. g4
{[%clk 0:23:10]} Rf3 {[%clk 0:00:33]} 26. Rc3 {[%clk 0:23:00]} 1-0